| Record ID | ia:worldhungerguide0000ball |
| Source | Internet Archive |
| Download MARC XML | https://archive.org/download/worldhungerguide0000ball/worldhungerguide0000ball_marc.xml |
| Download MARC binary | https://www.archive.org/download/worldhungerguide0000ball/worldhungerguide0000ball_meta.mrc |
LEADER: 03340cam 2200865 i 4500
001 ocm06788562
003 OCoLC
005 20181229021549.0
008 800910s1981 cau b 001 0 eng
010 $a 80022504
040 $aDLC$beng$cDLC$dUKM$dMUQ$dNLGGC$dBTCTA$dKEU$dZWZ$dNYDWH$dGEBAY$dYDXCP$dGBVCP$dOCLCO$dOCLCF$dOCLCQ$dOCLCO$dDEBBG$dOCLCA$dOCLCQ$dNLC$dOCLCO$dOCLCQ$dGILDS$dOCLCO$dOCL$dCPO$dOCLCO$dOCLCA$dOCLCQ$dUKMGB$dDCHUA
015 $aGB8227406$2bnb
016 $a(AMICUS)000001773940
016 7 $a011378775$2Uk
019 $a16597158$a49847907$a124519500
020 $a087436308X
020 $a9780874363081
035 $a(OCoLC)6788562$z(OCoLC)16597158$z(OCoLC)49847907$z(OCoLC)124519500
043 $ad------
050 00 $aZ7164.F7$bB34$aHD9000.5
055 1 $aHD9000.5 BIBL .B34
082 00 $a016.3381/9/1724$219
084 $a83.66$2bcl
084 $aMS 8350$2rvk
084 $a3,6$2ssgn
100 1 $aBall, Nicole.
245 10 $aWorld hunger :$ba guide to the economic and political dimensions /$cNicole Ball.
260 $aSanta Barbara, Calif. :$bABC-Olio ;$aOxford, England :$bOlio Press,$c℗♭1981.
300 $axxiii, 386 pages ;$c24 cm.
336 $atext$btxt$2rdacontent
337 $aunmediated$bn$2rdamedia
338 $avolume$bnc$2rdacarrier
490 1 $aThe war-peace bibliography series ;$v15
500 $aIncludes indexes.
650 0 $aFood supply$zDeveloping countries$vBibliography.
651 0 $aDeveloping countries$xFood supply$vBibliography.
650 6 $aAliments$xApprovisionnement$xPays en voie de de veloppement$xBibliographie.
650 7 $aFood supply.$2fast$0(OCoLC)fst00931196
651 7 $aDeveloping countries.$2fast$0(OCoLC)fst01242969
650 17 $aVoedselvraagstuk.$2gtt
650 7 $aBibliografie$2gnd
650 7 $aErna hrungskrise$2gnd
651 7 $aEntwicklungsla nder$2gnd
650 7 $aAliments$xApprovisionnement$zPays en voie de de veloppement$xBiographies.$2ram
650 7 $aMalnutrition$zPays en voie de de veloppement.$2ram
650 07 $aBIBLIOGRAPHIES.$2unbist
650 07 $aFOOD SUPPLY.$2unbist
650 07 $aHUNGER.$2unbist
650 07 $aRURAL DEVELOPMENT.$2unbist
650 07 $aBibliographie.$2swd
650 07 $aErna hrungskrise.$2swd
651 7 $aEntwicklungsla nder.$2swd
653 $aDeveloping countries$aFood supply$aShortages - Bibliographies.
655 4 $aBibliografie.
655 7 $aBibliographies.$2fast$0(OCoLC)fst01919895
655 7 $aBibliography.$2fast$0(OCoLC)fst01423717
655 7 $aBibliographies.$2lcgft
776 08 $iOnline version:$aBall, Nicole.$tWorld hunger.$dSanta Barbara, Calif. : ABC-Olio ; Oxford, England : Olio Press, ℗♭1981$w(OCoLC)606444406
830 0 $aWar/peace bibliography series ;$v15.
938 $aBaker and Taylor$bBTCP$n80022504
938 $aYBP Library Services$bYANK$n3516956
029 1 $aAU@$b000001802427
029 1 $aAU@$b000021944837
029 1 $aAU@$b000057720750
029 1 $aDEBBG$bBV005235360
029 1 $aDEBSZ$b007978006
029 1 $aGBVCP$b024226777
029 1 $aGEBAY$b11385074
029 1 $aNLC$b000001773940
029 1 $aNZ1$b103129
029 1 $aNZ1$b2562344
029 1 $aZWZ$b02367699X
029 1 $aUKMGB$b011378775
994 $aZ0$bP4A
948 $hNO HOLDINGS IN P4A - 588 OTHER HOLDINGS